000 00370nam a2200145Ia 4500
008 230917s9999||||xx |||||||||||||| ||und||
040 _e80051
_aMAIN
041 _aEnglish
082 _a342 K119C
100 _aKagzi, Manal Chandra Jain
245 0 _aCasebook of administrative law
260 _aNew Delhi
_bMetropolitan
_c1980
300 _axvi, 494 p.
942 _cBK
999 _c203985
_d203985